|
|
|
|
| LEADER |
00794nab a2200253 i 4500 |
| 001 |
publ31700 |
| 005 |
20250228113611.0 |
| 008 |
250228s1997 hu o 000 eng d |
| 022 |
|
|
|a 0031-7144
|
| 024 |
7 |
|
|a 1870994
|2 mtmt
|
| 040 |
|
|
|a SZTE Publicatio Repozitórium
|b hun
|
| 041 |
|
|
|a eng
|
| 100 |
1 |
|
|a Siaan M.
|
| 245 |
1 |
0 |
|a Study of the rearrangement of some types of Avicel(R)
|h [elektronikus dokumentum] /
|c Siaan M.
|
| 260 |
|
|
|c 1997
|
| 300 |
|
|
|a 564-564
|
| 490 |
0 |
|
|a PHARMAZIE
|v 52 No. 7
|
| 650 |
|
4 |
|a Kémiai tudományok
|
| 650 |
|
4 |
|a Általános orvostudomány
|
| 700 |
0 |
1 |
|a Hódi Klára
|e aut
|
| 700 |
0 |
1 |
|a Révész Piroska
|e aut
|
| 700 |
0 |
1 |
|a Kása Péter
|e aut
|
| 700 |
0 |
1 |
|a Erős István
|e aut
|
| 856 |
4 |
0 |
|u http://publicatio.bibl.u-szeged.hu/31700/1/aok_klny_205_97.pdf
|z Dokumentum-elérés
|